000 00591nam a22001817a 4500
005 20231026130233.0
008 231026b |||||||| |||| 00| 0 eng d
020 _a9780409057409
041 _aEnglish
082 _a346.7 KLO
100 _aKlopper, HB
_lEnglish
245 _aThe Law of Third-Party Compensation :
_bIn terms of the Road Accident Fund Act 56 of 1996 /
_cHB Klopper
250 _aThird Edition
260 _aDurban :
_bLexisNexis (Pty) Ltd,
_c2012
300 _bxx, 481 pages ;
_c25 cm.
650 _aLegal practice
_bLaw
942 _cBK
_6ALISON_BN_VRIES
999 _c88
_d88